Free trade under fire

Na minha lista:
Detalhes bibliográficos
Autor principal: Irwin, Douglas. A.
Formato: Livro
Idioma:inglês
Publicado em: Princeton Princeton University Press 2009
Edição:3rd ed.
Assuntos:
Tags: Adicionar Tag
Sem tags, seja o primeiro a adicionar uma tag!

MARC

LEADER 00000nam a2200000 4500
001 0184970
005 20240306135700.1
020 |a 978-0-691-14315-6 
041 0 |a eng 
044 |a US 
245 1 0 |a Free trade under fire  |c Douglas. A. Irwin 
250 |a 3rd ed. 
264 1 |a Princeton  |b Princeton University Press  |c 2009 
300 |a 313 s. 
610 2 0 |a obchod voľný 
610 2 0 |a globalizácia hospodárstva 
610 2 0 |a protekcionizmus 
610 2 0 |a náklady 
610 2 0 |a obchod 
610 2 0 |a miesta pracovné 
610 2 0 |a príjmy 
610 2 0 |a distribúcia 
610 2 0 |a konkurencia medzinárodná 
610 2 0 |a antidumping 
610 2 0 |a krajiny rozvojové 
610 2 0 |a trh 
610 2 0 |a regióny 
610 2 0 |a dohody 
100 1 |a Irwin, Douglas. A.